Mobile Wimax (Record no. 319260)

MARC details
000 -LEADER
fixed length control field 00448nam a2200169Ia 4500
008 - FIXED-LENGTH DATA ELEMENTS--GENERAL INFORMATION
fixed length control field 230718s9999 xx 000 0 und d
020 ## - INTERNATIONAL STANDARD BOOK NUMBER
International Standard Book Number 978-0-470-51941-7
041 ## - LANGUAGE CODE
Language code of text/sound track or separate title eng
082 ## - DEWEY DECIMAL CLASSIFICATION NUMBER
Classification number 621.384
Item number CHE
100 ## - MAIN ENTRY--PERSONAL NAME
Personal name Chen K. C.
9 (RLIN) 153649
245 ## - TITLE STATEMENT
Title Mobile Wimax
260 ## - PUBLICATION, DISTRIBUTION, ETC. (IMPRINT)
Name of publisher, distributor, etc. John Wiley
300 ## - PHYSICAL DESCRIPTION
Accompanying material [OBSOLETE, CAN/MARC] Ref 1089 E (30467)
365 ## - TRADE PRICE
Currency code Rs.
Price amount 6328.00
700 ## - ADDED ENTRY--PERSONAL NAME
Personal name Chen K. C. & Marca J. B. D.
9 (RLIN) 190121
906 ## - LOCAL DATA ELEMENT F, LDF (RLIN)
d B:510415-Jul-2008
c ETC
b 1265.6
Holdings
Withdrawn status Lost status Source of classification or shelving scheme Reference No Damaged status Not for loan Home library Current library Date acquired Vendor Budget Code Cost, normal purchase price Bill number Full call number Barcode Date last seen Discount Cost, replacement price Bill Date Koha item type Original Barcode
    Dewey Decimal Classification Ref 1089 E (30467)   Reference Cummins College of Engineering for Women Pune Cummins College of Engineering for Women Pune 04/10/2008 Tbs ETC 5062.40 5104 621.384 CCEP-BK-30467 18/07/2023 1265.6 6328.00 15/07/2008 Books 030467